Регионална библиотека "Любен Каравелов" - Русе

Магелан (Запис номер 174553)

MARC детайли
000 -Лидер
Контролно поле с фиксирана дължина 01698nam a2200349 a 4500
003 - Код на организацията, давaща контролен номер
Контролно поле BLK
005 - Дата и час на последна редакция
Контролно поле 20241009005440.0
008 - Елементи от данни с фиксирана дължина
fixed length control field 180411b bul|||||r ||||||| ||bul||
010 ## - Наследен системен номер
LC control number KNG00183042000
040 ## - Източник на каталожния запис
Идентификатор на билиотеката - собственик на записа BLK
041 ## - Код за език
Код за езика на текст/звукозапис или на отделно заглавие Български
Код за езика КДБФ Български
080 ## - УДК
Текстов определител УДК Австрийска литература
УДК код - определител по УДК 821.112(436)
УДК определител -31
УДК - код + определител 821.112(436)-31
080 ## - УДК
Текстов определител УДК Откривателски пътешествия. Експедиции
УДК код - определител по УДК 910.4
УДК определител (092)
УДК - код + определител 910.4(092)
080 ## - УДК
Текстов определител УДК Португалски мореплавател
УДК код - определител по УДК 929 Магелан, Фернандо
УДК - код + определител 929 Магелан, Фернандо
100 1# - Редна дума - Автор
Автор Цвайг, Стефан
Авторска отговорност първи автор
R(LIN) 366443
139 ## - Редно поле
Редна дума Цвайг, Стефан
Авторски знак Цва - Ц 29
245 10 - Сведения за заглавието
Заглавие Магелан
Подзаглавни данни Биогр. роман
Редно поле (дума) Стефан Цвайг; прев. от нем. Асен Разцветников
250 ## - Област на изданието
Сведения за изданието 4. изд.
257 ## - Страна на издаване
Страна на създаване/издаване Австрия
260 ## - Област на издателските данни
Място на издаване, разпространение и проч. София
Име на издателя, разпространителя и проч. Георги Бакалов
Година на издаване 1979
300 ## - Физическа характеристика
Страници 236 с.
Размери/Мащаб 20 см
380 ## - Жанр
Жанр Худож. лит.
490 ## - СЕРИИ (Колекции)
Име на серия Библиотека Океан
№: серия 13
9 (RLIN) 205245
500 ## - Общи забележки
Забележка Ориг. загл. Der Erdumsegler Magellan.- 1. изд. 1939 със загл. Покорителят на моретата.- В кн. погрешно означено 6. изд.
600 14 - Име на лице, използвано като предмет
За него / За нея Магелан, Фернандо де
9 (RLIN) 223680
700 1# - Други автори (авторска отговорност)
Лично име Разцветников, Асен
Дати, свързани с автора 1897 - 1951
Пълна форма на името Коларов, Асен Петков
Автороска отговорност (Описва отношението между автора и произведението) прев. от нем.
Друга информация Коларов, Асен Петков
9 (RLIN) 114515
852 ## - Местоположение
Форматна сигнатура Цб 98906
Фондова буква Хранилище
856 4# - Електронен адрес и достъп
Електронен формат pdf - файл
Инструкция (цена за достъп) 0.00
Права за достъп disable
999 ## - СИСТЕМНИ КОНТРОЛНИ НОМЕРА
Koha biblionumber 174553
Koha biblioitemnumber 174553
942 ## - АРТИКУЛИ
Вид на библиотечния материал Книги
Скрит в OPAC Не
Периодичен библиозапис Да
944 ## - СЪЗДАВАНЕ И РЕДАКЦИЯ на ЗАПИСА
Създаване/Редакция Създаване
Дата на регистрацията/редакция 01.10.2015
Служител, извършил регистрацията/редакцията
Статус, дата на статуса CRON CRON
944 ## - СЪЗДАВАНЕ И РЕДАКЦИЯ на ЗАПИСА
Създаване/Редакция Редакция
Дата на регистрацията/редакция 19.09.2017
Служител, извършил регистрацията/редакцията Севдалина_Василева
Наличности
Код за отписване Код за изгубен артикул Източник на класификационната схема Код за повреда Коз за рестрикции Код за отдаване Артикулен № Име на библиотеката - собственик Име на библиотеката, в която се намира в момента Статус (Текущо местоположение) Дата на вписване в системата Местоположение - отдел Цена в лева Инвентарен номер Систематично азбучна сигнатура Баркод Номер на екземпляра Цена в евро Служебна бележка Служебен тип на артикула Бележка за публиката
  Не е изгубен Universal Decimal Classification Не е повреден само за читалня ползва се в читалня 299721 Регионална библиотека "Любен Каравелов" Русе Регионална библиотека "Любен Каравелов" Русе Хранилище 1979-01-01 Хранилище 1.50 283695 Цб 98906 120000283695 1 0.77 Вид: Сф N: стар фонд Дата: 01.01.1979 Книги  
Изтеглен Не е изгубен   Не е повреден без рестрикции заемане за дома 299722 Регионална библиотека "Любен Каравелов" Русе Регионална библиотека "Любен Каравелов" Русе   1979-01-01 Детски отдел 1.50 284539 ДХ 820/899/Ц 29 284539 2 0.77 Вид: Сф N: стар фонд Дата: 01.01.1979 Дата инв: 07.10.2015 Бележки инв: Д2015 Книги Отч.N: 33/2017 , Дата: 04.09.2017
Изтеглен Не е изгубен Universal Decimal Classification Не е повреден без рестрикции заемане за дома 299723 Регионална библиотека "Любен Каравелов" Русе Регионална библиотека "Любен Каравелов" Русе Заемна - подръчен фонд 1979-01-01 Заемна - подръчен фонд 1.50 284390 П 830-31/Ц 29 284390 3 0.77 Вид: Сф N: стар фонд Дата: 01.01.1979 Книги  
Изтеглен Не е изгубен   Не е повреден без рестрикции заемане за дома 299724 Регионална библиотека "Любен Каравелов" Русе Регионална библиотека "Любен Каравелов" Русе Заемна - подръчен фонд 1979-01-01 Заемна - подръчен фонд 1.50 284391 П 830-31/Ц 29 284391 4 0.77 Вид: Сф N: стар фонд Дата: 01.01.1979 Дата инв: 21.03.2018 Бележки инв: П2018 Книги  
Изтеглен Не е изгубен Universal Decimal Classification Не е повреден без рестрикции заемане за дома 299725 Регионална библиотека "Любен Каравелов" Русе Регионална библиотека "Любен Каравелов" Русе Заемна - подръчен фонд 1979-01-01 Заемна - подръчен фонд 1.50 284392 П 830-31/Ц 29 284392 5 0.77 Вид: Сф N: стар фонд Дата: 01.01.1979 Книги  
Изтеглен Не е изгубен Universal Decimal Classification Не е повреден без рестрикции заемане за дома 299726 Регионална библиотека "Любен Каравелов" Русе Регионална библиотека "Любен Каравелов" Русе Заемна - подръчен фонд 1979-01-01 Заемна - подръчен фонд 1.50 284394 П 830-31/Ц 29 284394 6 0.77 Вид: Сф N: стар фонд Дата: 01.01.1979 Книги  
Vip Innovations Ltd, Rousse, Bulgaria 2025